Top 20 Cities with the worst Traffic in the United States - Statistics

General Stats
  • This quiz has been taken 32 times
  • The average score is 17 of 20
Answer Stats
Rank Answer % Correct
7 Houston
100%
2 Los Angeles
100%
6 New York City
100%
18 Boston
96%
15 Chicago
96%
19 Denver
96%
4 Miami
96%
5 San Francisco
96%
8 Seattle
96%
3 Atlanta
93%
11 Dallas
93%
16 Austin
89%
17 Portland
89%
1 Washington
89%
14 Tampa
81%
9 Baltimore
78%
13 Orlando
78%
10 San Jose
74%
20 Nashville
70%
12 San Bernardino
0%
No matching quizzes found
Score Distribution
Percent of People with Each Score
Percentile by Number Answered
Your Score History
You have not taken this quiz